Asian Migration and New Racism (Record no. 43726)

MARC details
001 - CONTROL NUMBER
control field 000
003 - CONTROL NUMBER IDENTIFIER
control field 000
005 - DATE AND TIME OF LATEST TRANSACTION
control field 20251011184148.0
020 ## - INTERNATIONAL STANDARD BOOK NUMBER
International Standard Book Number 9781032355269
040 ## - CATALOGING SOURCE
Description conventions rda
050 ## - LIBRARY OF CONGRESS CALL NUMBER
Classification number JV 8490 .A85
100 ## - MAIN ENTRY--PERSONAL NAME
Personal name Ang, Sylvia
245 ## - TITLE STATEMENT
Title Asian Migration and New Racism
Remainder of title Beyond Colour and the West
Statement of responsibility, etc Edited by Syvia Ang, et.al.
260 ## - PUBLICATION, DISTRIBUTION, ETC. (IMPRINT)
Place of publication, distribution, etc London
Name of publisher, distributor, etc Routledge
Date of publication, distribution, etc 2023
264 ## - PUBLICATION, DISTRIBUTION, ETC. (IMPRINT)
Place of publication, distribution, etc London
Name of publisher, distributor, etc Routledge
Date of publication, distribution, etc 2023
300 ## - PHYSICAL DESCRIPTION
Extent x, 208p.
336 ## - CONTENT TYPE
Source rdacontent
338 ## - CARRIER TYPE
Source rdacarrier
490 ## - SERIES STATEMENT
Series statement Ethnic and Racial Studies
504 ## - BIBLIOGRAPHY, ETC. NOTE
Bibliography, etc Includes bibliographical references and index
650 ## - SUBJECT ADDED ENTRY--TOPICAL TERM
Source of heading or term
Form subdivision Racism.
942 ## - ADDED ENTRY ELEMENTS (KOHA)
Source of classification or shelving scheme Library of Congress Classification
Koha item type Books
Holdings
Withdrawn status Lost status Source of classification or shelving scheme Damaged status Not for loan Permanent Location Current Location Date acquired Total Checkouts Full call number Barcode Date last seen Price effective from Koha item type
    Library of Congress Classification     NILE UNIVERSITY OF NIGERIA - MAIN LIBRARY NILE UNIVERSITY OF NIGERIA - MAIN LIBRARY 10/11/2025   JV 8490 .A85 0199088 10/11/2025 10/11/2025 Books
    Library of Congress Classification     NILE UNIVERSITY OF NIGERIA - MAIN LIBRARY NILE UNIVERSITY OF NIGERIA - MAIN LIBRARY 10/11/2025   JV 8490 .A85 0199089 10/11/2025 10/11/2025 Books